Luyện kĩ năng nghe và nói tiếng Anh = Improve listening and speaking skills

Guardat en:
Dades bibliogràfiques
Autor principal: Trương Thị Hòa
Format: Llibre
Idioma:Undetermined
Publicat: Cà Mau Mũi Cà Mau 1998
Matèries:
Etiquetes: Afegir etiqueta
Sense etiquetes, Sigues el primer a etiquetar aquest registre!
Thư viện lưu trữ: Trung tâm Học liệu Trường Đại học Cần Thơ
LEADER 00589nam a2200181Ia 4500
001 CTU_27696
008 210402s9999 xx 000 0 und d
082 |a 428.83 
082 |b H401 
100 |a Trương Thị Hòa 
245 0 |a Luyện kĩ năng nghe và nói tiếng Anh 
245 0 |b = Improve listening and speaking skills 
245 0 |c Trương Thị Hòa, Phương Ân 
260 |a Cà Mau 
260 |b Mũi Cà Mau 
260 |c 1998 
650 |a english language - study and teaching,listening 
980 |a Trung tâm Học liệu Trường Đại học Cần Thơ